[Event "Women's Baku Chess Olympiad"]
[Site "chess24.com"]
[Date "2016.09.05"]
[Round "4"]
[White "Deng Jing Xin Crystal"]
[Black "A-ALI,Sali Abbas Abdulzahra"]
[Result "0-1"]
[Board "3"]
[WhiteID "6002439"]
[WhiteElo "1625"]
[WhiteCountry "HKG"]
[WhiteFideId "6002439"]
[WhiteEloChange "-7"]
[BlackID "4804929"]
[BlackElo "1728"]
[BlackTitle "WFM"]
[BlackCountry "IRQ"]
[BlackFideId "4804929"]
[BlackEloChange "7"]

1. d4 {[%clk 1:30:57]} d5 {[%clk 1:30:53]} 2. c4 {[%clk 1:31:22]} c6 {[%clk
1:31:19]} 3. Nf3 {[%clk 1:31:48]} Nf6 {[%clk 1:31:35]} 4. Nc3 {[%clk 1:32:13]} g6
{[%clk 1:31:10]} 5. Bf4 {[%clk 1:32:24]} Bg7 {[%clk 1:30:46]} 6. e3 {[%clk
1:32:34]} O-O {[%clk 1:30:47]} 7. Qb3 {[%clk 1:31:29]} dxc4 {[%clk 1:29:02]} 8.
Bxc4 {[%clk 1:31:38]} Nbd7 {[%clk 1:27:59]} 9. Ng5 {[%clk 1:22:24]} Qe8 {[%clk
1:23:12]} 10. Bc7 {[%clk 1:13:56]} h6 {[%clk 1:20:00]} 11. Nf3 {[%clk 1:13:27]}
b6 {[%clk 1:13:21]} 12. O-O {[%clk 1:12:16]} Bb7 {[%clk 1:12:18]} 13. Rfe1 {[%clk
1:10:11]} Qc8 {[%clk 1:08:55]} 14. Bg3 {[%clk 1:09:10]} c5 {[%clk 1:02:32]} 15.
Nh4 {[%clk 1:04:27]} e6 {[%clk 1:00:30]} 16. Nb5 {[%clk 1:01:07]} Ne4 {[%clk
0:54:52]} 17. Nc7 {[%clk 0:55:44]} Nxg3 {[%clk 0:53:25]} 18. Nxa8 {[%clk
0:55:39]} Ne4 {[%clk 0:53:17]} 19. Bxe6 {[%clk 0:53:27]} fxe6 {[%clk 0:36:35]}
20. Qxe6+ {[%clk 0:53:48]} Kh8 {[%clk 0:35:57]} 21. Nxg6+ {[%clk 0:53:22]} Kh7
{[%clk 0:36:21]} 22. Nxf8+ {[%clk 0:50:28]} Qxf8 {[%clk 0:34:07]} 23. f3 {[%clk
0:45:26]} Ng5 {[%clk 0:30:45]} 24. Qxd7 {[%clk 0:41:55]} Nxf3+ {[%clk 0:23:06]}
25. gxf3 {[%clk 0:40:33]} Qxf3 {[%clk 0:23:33]} 26. e4 {[%clk 0:40:49]} Bc8
{[%clk 0:22:25]} 27. Qxg7+ {[%clk 0:22:38]} Kxg7 {[%clk 0:22:39]} 28. Rad1 {[%clk
0:22:29]} Bb7 {[%clk 0:21:20]} 29. dxc5 {[%clk 0:15:13]} Qg4+ {[%clk 0:11:49]}
30. Kf2 {[%clk 0:13:22]} Qf4+ {[%clk 0:12:15]} 31. Kg1 {[%clk 0:13:35]} Qg5+
{[%clk 0:12:28]} 32. Kf1 {[%clk 0:08:44]} Bxa8 {[%clk 0:11:44]} 33. Rd7+ {[%clk
0:07:47]} Kf6 {[%clk 0:10:58]} 34. Rxa7 {[%clk 0:07:06]} Qf4+ {[%clk 0:10:06]}
35. Kg1 {[%clk 0:07:23]} Qg4+ {[%clk 0:10:14]} 36. Kf2 {[%clk 0:06:23]} Bxe4
{[%clk 0:09:45]} 37. Rf1 {[%clk 0:02:52]} Ke6 {[%clk 0:09:53]} 38. Ra3 {[%clk
0:02:19]} Qf4+ {[%clk 0:08:31]} 39. Kg1 {[%clk 0:02:08]} Qg5+ {[%clk 0:08:53]}
40. Kf2 {[%clk 0:32:25]} Qxc5+ {[%clk 0:38:48]} 41. Re3 {[%clk 0:31:26]} Kd6
{[%clk 0:36:28]} 42. Rd1+ {[%clk 0:30:16]} Kc7 {[%clk 0:35:30]} 43. Re1 {[%clk
0:28:05]} Qf5+ {[%clk 0:34:32]} 44. Ke2 {[%clk 0:27:28]} Qb5+ {[%clk 0:32:06]}
45. Kd1 {[%clk 0:27:03]} Qh5+ {[%clk 0:32:02]} 46. Kc1 {[%clk 0:26:47]} Bg6
{[%clk 0:31:31]} 47. R1e2 {[%clk 0:25:31]} Qf5 {[%clk 0:31:12]} 48. Kd2 {[%clk
0:24:59]} Qd5+ {[%clk 0:29:08]} 49. Ke1 {[%clk 0:24:09]} Bh5 {[%clk 0:28:50]} 50.
Rc2+ {[%clk 0:20:34]} Kb8 {[%clk 0:29:03]} 51. Rec3 {[%clk 0:18:53]} Qh1+ {[%clk
0:28:55]} 52. Kf2 {[%clk 0:18:00]} Qxh2+ {[%clk 0:29:17]} 53. Ke3 {[%clk
0:18:23]} Qg3+ {[%clk 0:29:19]} 54. Kd4 {[%clk 0:18:17]} Qf4+ {[%clk 0:29:11]}
55. Kd5 {[%clk 0:18:06]} Bf7+ {[%clk 0:28:55]} 56. Kc6 {[%clk 0:18:32]} Qc7+
{[%clk 0:28:53]} 57. Kb5 {[%clk 0:18:48]} Be8+ {[%clk 0:29:09]} 58. Kb4 {[%clk
0:18:01]} Qd6+ {[%clk 0:29:13]} 59. Kb3 {[%clk 0:15:56]} Qd5+ {[%clk 0:28:59]}
60. Kb4 {[%clk 0:14:50]} Qb5+ {[%clk 0:29:22]} 61. Ka3 {[%clk 0:15:16]} Qa4#
{[%clk 0:29:48]} 0-1

[Event "Women's Baku Chess Olympiad"]
[Site "chess24.com"]
[Date "2016.09.05"]
[Round "4"]
[White "Smith, Olivia"]
[Black "Lomandong Noela-Joyce"]
[Result "1/2-1/2"]
[Board "1"]
[WhiteID "411850"]
[WhiteElo "2002"]
[WhiteTitle "WFM"]
[WhiteCountry "WLS"]
[WhiteFideId "411850"]
[WhiteEloChange "-6"]
[BlackID "5400384"]
[BlackElo "1763"]
[BlackTitle "WFM"]
[BlackCountry "MNC"]
[BlackFideId "5400384"]
[BlackEloChange "6"]

1. e4 {[%clk 1:30:57]} g6 {[%clk 1:30:49]} 2. d4 {[%clk 1:31:16]} Bg7 {[%clk
1:31:12]} 3. Nc3 {[%clk 1:31:32]} c6 {[%clk 1:31:37]} 4. Be3 {[%clk 1:31:08]} d5
{[%clk 1:31:44]} 5. e5 {[%clk 1:31:13]} Nh6 {[%clk 1:27:22]} 6. Qd2 {[%clk
1:31:06]} Nf5 {[%clk 1:27:09]} 7. Bf4 {[%clk 1:31:00]} Qb6 {[%clk 1:25:36]} 8.
O-O-O {[%clk 1:30:56]} f6 {[%clk 1:22:31]} 9. g4 {[%clk 1:23:12]} Nxd4 {[%clk
1:13:51]} 10. Na4 {[%clk 1:17:14]} Qd8 {[%clk 1:11:40]} 11. Qxd4 {[%clk 1:17:18]}
Bxg4 {[%clk 1:11:52]} 12. f3 {[%clk 1:16:27]} Bf5 {[%clk 1:10:50]} 13. exf6
{[%clk 1:14:58]} Bxf6 {[%clk 1:10:59]} 14. Be5 {[%clk 1:12:05]} O-O {[%clk
1:10:30]} 15. Bxf6 {[%clk 1:12:08]} Rxf6 {[%clk 1:10:56]} 16. Bh3 {[%clk
0:54:17]} Qf8 {[%clk 1:04:06]} 17. Bxf5 {[%clk 0:54:12]} Rxf5 {[%clk 1:04:33]}
18. Nc3 {[%clk 0:48:45]} Nd7 {[%clk 1:02:28]} 19. Nge2 {[%clk 0:44:26]} e5 {[%clk
0:57:30]} 20. Qd2 {[%clk 0:43:56]} Nb6 {[%clk 0:57:51]} 21. b3 {[%clk 0:33:09]}
Rxf3 {[%clk 0:50:07]} 22. Ng3 {[%clk 0:29:52]} Qc5 {[%clk 0:33:25]} 23. Nce2
{[%clk 0:26:13]} a5 {[%clk 0:25:04]} 24. Rdf1 {[%clk 0:25:13]} Qa3+ {[%clk
0:22:25]} 25. Kb1 {[%clk 0:24:03]} Rxf1+ {[%clk 0:17:53]} 26. Rxf1 {[%clk
0:24:27]} a4 {[%clk 0:18:17]} 27. Nc1 {[%clk 0:23:12]} d4 {[%clk 0:14:54]} 28.
Ne4 {[%clk 0:21:33]} Nd5 {[%clk 0:06:22]} 29. Nf6+ {[%clk 0:20:56]} Kg7 {[%clk
0:06:22]} 30. Nxd5 {[%clk 0:18:39]} cxd5 {[%clk 0:06:14]} 31. Qg5 {[%clk
0:15:38]} Qd6 {[%clk 0:05:20]} 32. Nd3 {[%clk 0:13:07]} Re8 {[%clk 0:04:32]} 33.
Qg3 {[%clk 0:09:39]} axb3 {[%clk 0:03:41]} 34. axb3 {[%clk 0:07:55]} Qe7 {[%clk
0:04:02]} 35. Qf2 {[%clk 0:07:13]} Ra8 {[%clk 0:02:21]} 36. Qg3 {[%clk 0:05:23]}
Re8 {[%clk 0:02:04]} 37. Qf2 {[%clk 0:05:26]} Ra8 {[%clk 0:02:33]} 38. h4 {[%clk
0:05:28]} Ra6 {[%clk 0:00:48]} 39. Nxe5 {[%clk 0:04:57]} Rf6 {[%clk 0:00:40]} 40.
Qxf6+ {[%clk 0:05:04]} Qxf6 {[%clk 0:01:08]} 41. Rxf6 {[%clk 0:05:15]} Kxf6
{[%clk 0:01:36]} 42. Nf3 {[%clk 0:05:16]} Kf5 {[%clk 0:01:23]} 43. Kc1 {[%clk
0:03:55]} Kg4 {[%clk 0:01:23]} 44. Nxd4 {[%clk 0:03:29]} Kxh4 {[%clk 0:01:29]}
45. Kd2 {[%clk 0:03:46]} h5 {[%clk 0:28:43]} 46. Ke3 {[%clk 0:32:59]} Kg4 {[%clk
0:28:43]} 47. Kf2 {[%clk 0:32:59]} Kf4 {[%clk 0:24:33]} 48. Ne6+ {[%clk 0:29:42]}
Ke5 {[%clk 0:24:13]} 49. Nc5 {[%clk 0:28:04]} b5 {[%clk 0:23:46]} 50. Ke3 {[%clk
0:24:28]} g5 {[%clk 0:21:41]} 51. Nd7+ {[%clk 0:23:27]} Ke6 {[%clk 0:21:24]} 52.
Nc5+ {[%clk 0:21:10]} Ke5 {[%clk 0:21:52]} 53. Nd3+ {[%clk 0:20:11]} Kf5 {[%clk
0:20:27]} 54. Nb4 {[%clk 0:19:30]} d4+ {[%clk 0:13:40]} 55. Kf3 {[%clk 0:16:44]}
h4 {[%clk 0:13:35]} 56. Nc6 {[%clk 0:14:56]} g4+ {[%clk 0:13:48]} 57. Kg2 {[%clk
0:15:20]} Ke4 {[%clk 0:12:31]} 58. Na7 {[%clk 0:15:27]} d3 {[%clk 0:11:39]} 59.
cxd3+ {[%clk 0:15:34]} Kxd3 {[%clk 0:11:39]} 60. Nxb5 {[%clk 0:15:48]} Kc2 {[%clk
0:12:21]} 61. Nd4+ {[%clk 0:15:28]} Kc3 {[%clk 0:12:43]} 1/2-1/2

[Event "Women's Baku Chess Olympiad"]
[Site "chess24.com"]
[Date "2016.09.05"]
[Round "4"]
[White "Begum, Ghazala"]
[Black "Leboela, Maboloko"]
[Result "0-1"]
[Board "1"]
[WhiteID "7800711"]
[WhiteElo "1668"]
[WhiteTitle "WCM"]
[WhiteCountry "PAK"]
[WhiteFideId "7800711"]
[WhiteEloChange "-16"]
[BlackID "21300119"]
[BlackElo "1406"]
[BlackCountry "LES"]
[BlackFideId "21300119"]
[BlackEloChange "16"]

1. c4 {[%clk 1:30:51]} Nf6 {[%clk 1:30:53]} 2. Nc3 {[%clk 1:31:00]} e6 {[%clk
1:30:59]} 3. g3 {[%clk 1:31:10]} d5 {[%clk 1:29:36]} 4. cxd5 {[%clk 1:31:34]}
exd5 {[%clk 1:27:43]} 5. Nf3 {[%clk 1:31:31]} Nc6 {[%clk 1:26:58]} 6. e3 {[%clk
1:31:34]} Bb4 {[%clk 1:26:43]} 7. Bg2 {[%clk 1:31:37]} Bg4 {[%clk 1:26:47]} 8.
Qc2 {[%clk 1:29:09]} O-O {[%clk 1:26:46]} 9. O-O {[%clk 1:29:36]} Ne7 {[%clk
1:21:07]} 10. d3 {[%clk 1:29:12]} b6 {[%clk 1:19:13]} 11. a3 {[%clk 1:29:00]}
Bxc3 {[%clk 1:18:53]} 12. Qxc3 {[%clk 1:29:19]} h6 {[%clk 1:18:52]} 13. b3 {[%clk
1:29:46]} Rc8 {[%clk 1:18:57]} 14. Bb2 {[%clk 1:30:14]} Ng6 {[%clk 1:16:28]} 15.
Ne5 {[%clk 1:29:21]} Nxe5 {[%clk 1:16:12]} 16. Qxe5 {[%clk 1:29:08]} Be6 {[%clk
1:10:13]} 17. Rac1 {[%clk 1:28:06]} c5 {[%clk 1:08:45]} 18. b4 {[%clk 1:23:25]}
c4 {[%clk 1:08:33]} 19. dxc4 {[%clk 1:23:36]} dxc4 {[%clk 1:07:00]} 20. Rfd1
{[%clk 1:23:33]} Qc7 {[%clk 1:07:03]} 21. Qc3 {[%clk 1:21:46]} b5 {[%clk
1:06:59]} 22. Rd2 {[%clk 1:21:06]} Ne8 {[%clk 1:03:40]} 23. Bd5 {[%clk 1:20:52]}
Bxd5 {[%clk 1:02:09]} 24. Rxd5 {[%clk 1:21:15]} Qc6 {[%clk 1:00:56]} 25. Rcd1
{[%clk 1:21:26]} f6 {[%clk 0:58:29]} 26. Rd7 {[%clk 1:19:51]} Rf7 {[%clk
0:57:33]} 27. Rd8 {[%clk 1:19:35]} Rxd8 {[%clk 0:57:30]} 28. Rxd8 {[%clk
1:20:02]} Rf8 {[%clk 0:57:33]} 29. Qd4 {[%clk 1:20:22]} a6 {[%clk 0:56:54]} 30.
Bc3 {[%clk 1:20:18]} Nc7 {[%clk 0:55:30]} 31. Rd6 {[%clk 1:20:12]} Qa8 {[%clk
0:54:25]} 32. Rd7 {[%clk 1:18:34]} Ne6 {[%clk 0:54:02]} 33. Qg4 {[%clk 1:17:57]}
Qc6 {[%clk 0:52:53]} 34. Re7 {[%clk 1:16:38]} Ng5 {[%clk 0:51:17]} 35. e4 {[%clk
1:16:19]} Rf7 {[%clk 0:50:25]} 36. Rxf7 {[%clk 1:13:29]} Kxf7 {[%clk 0:50:15]}
37. f3 {[%clk 1:11:59]} Qd6 {[%clk 0:49:50]} 38. Be1 {[%clk 1:07:54]} Qd3 {[%clk
0:49:21]} 39. Kg2 {[%clk 1:07:58]} Qe2+ {[%clk 0:48:39]} 40. Bf2 {[%clk 1:38:12]}
Qd3 {[%clk 1:18:45]} 41. h4 {[%clk 1:37:42]} Ne6 {[%clk 1:18:27]} 42. Qf5 {[%clk
1:35:39]} Qxa3 {[%clk 1:18:33]} 43. Bc5 {[%clk 1:35:48]} Qb2+ {[%clk 1:18:22]}
44. Kh3 {[%clk 1:36:07]} c3 {[%clk 1:18:18]} 45. e5 {[%clk 1:36:33]} c2 {[%clk
1:18:18]} 46. exf6 {[%clk 1:36:34]} c1Q {[%clk 1:17:49]} 47. fxg7+ {[%clk
1:37:01]} Kxg7 {[%clk 1:16:42]} 48. Qxe6 {[%clk 1:34:08]} Qh1+ {[%clk 1:16:12]}
49. Kg4 {[%clk 1:34:32]} h5+ {[%clk 1:16:06]} 50. Kxh5 {[%clk 1:32:41]} Qxf3+
{[%clk 1:15:54]} 51. g4 {[%clk 1:33:02]} Qbf6 {[%clk 1:14:39]} 52. Bd4 {[%clk
1:31:08]} Qxd4 {[%clk 1:13:50]} 53. Qg6+ {[%clk 1:24:44]} Kf8 {[%clk 1:12:47]}
54. Qh6+ {[%clk 1:24:38]} Ke7 {[%clk 1:12:34]} 55. Qg5+ {[%clk 1:23:37]} Qff6
{[%clk 1:10:16]} 56. Qc5+ {[%clk 1:21:53]} Qxc5+ {[%clk 1:10:14]} 57. bxc5 {[%clk
1:22:33]} Qe5+ {[%clk 1:10:03]} 58. g5 {[%clk 1:22:43]} Qxc5 {[%clk 1:10:08]} 59.
Kh6 {[%clk 1:23:09]} b4 {[%clk 1:10:14]} 60. g6 {[%clk 1:23:31]} Qd6 {[%clk
1:10:35]} 61. h5 {[%clk 1:23:48]} Kf6 {[%clk 1:10:29]} 62. Kh7 {[%clk 1:24:13]}
Qe7+ {[%clk 1:10:45]} 0-1

[Event "Women's Baku Chess Olympiad"]
[Site "chess24.com"]
[Date "2016.09.05"]
[Round "4"]
[White "Blond Hanten, Elsa"]
[Black "Villar Acevedo, Darlin Rocio"]
[Result "1-0"]
[Board "4"]
[WhiteID "4001516"]
[WhiteElo "1745"]
[WhiteCountry "LUX"]
[WhiteFideId "4001516"]
[WhiteEloChange "11"]
[BlackID "6405053"]
[BlackElo "1781"]
[BlackCountry "DOM"]
[BlackFideId "6405053"]
[BlackEloChange "-11"]

1. e4 {[%clk 1:30:57]} d5 {[%clk 1:30:26]} 2. exd5 {[%clk 1:31:21]} Qxd5 {[%clk
1:30:47]} 3. Nc3 {[%clk 1:31:39]} Qa5 {[%clk 1:31:06]} 4. d4 {[%clk 1:31:49]} c6
{[%clk 1:31:17]} 5. Bc4 {[%clk 1:28:37]} Nf6 {[%clk 1:31:25]} 6. Ne2 {[%clk
1:25:48]} Bf5 {[%clk 1:30:49]} 7. Ng3 {[%clk 1:25:05]} Bg6 {[%clk 1:31:00]} 8.
O-O {[%clk 1:24:37]} e6 {[%clk 1:29:45]} 9. f4 {[%clk 1:23:38]} Nbd7 {[%clk
1:29:17]} 10. f5 {[%clk 1:19:34]} exf5 {[%clk 1:25:45]} 11. Qe2+ {[%clk 1:17:41]}
Kd8 {[%clk 1:22:07]} 12. Bd2 {[%clk 1:12:30]} Qb6 {[%clk 1:19:03]} 13. Nxf5
{[%clk 0:59:58]} Bxf5 {[%clk 1:11:42]} 14. Rxf5 {[%clk 1:00:17]} Bd6 {[%clk
1:11:50]} 15. Bxf7 {[%clk 0:51:20]} Qxd4+ {[%clk 1:07:51]} 16. Be3 {[%clk
0:46:03]} Qg4 {[%clk 0:54:01]} 17. Qd3 {[%clk 0:40:11]} Kc7 {[%clk 0:32:00]} 18.
Rd1 {[%clk 0:33:55]} Bb4 {[%clk 0:24:36]} 19. Rf4 {[%clk 0:27:07]} Ne5 {[%clk
0:19:54]} 20. Qd4 {[%clk 0:23:04]} Rad8 {[%clk 0:08:17]} 21. Qxe5+ {[%clk
0:20:14]} Bd6 {[%clk 0:08:39]} 22. Qa5+ {[%clk 0:16:56]} 1-0

[Event "Women's Baku Chess Olympiad"]
[Site "chess24.com"]
[Date "2016.09.05"]
[Round "4"]
[White "Diaz, Luisa"]
[Black "Klotz, Jutta"]
[Result "1-0"]
[Board "4"]
[WhiteID "7300948"]
[WhiteElo "1825"]
[WhiteCountry "GUA"]
[WhiteFideId "7300948"]
[WhiteEloChange "3"]
[BlackID "5600723"]
[BlackElo "1490"]
[BlackCountry "MLT"]
[BlackFideId "5600723"]
[BlackEloChange "-3"]

1. e4 {[%clk 1:30:58]} e6 {[%clk 1:30:46]} 2. d4 {[%clk 1:31:18]} d5 {[%clk
1:31:08]} 3. Nc3 {[%clk 1:31:35]} Ne7 {[%clk 1:30:29]} 4. Nf3 {[%clk 1:31:14]}
Ng6 {[%clk 1:29:59]} 5. a3 {[%clk 1:28:27]} Be7 {[%clk 1:29:51]} 6. Bd3 {[%clk
1:27:47]} O-O {[%clk 1:20:41]} 7. Be3 {[%clk 1:20:12]} dxe4 {[%clk 1:18:56]} 8.
Bxe4 {[%clk 1:20:17]} Nh4 {[%clk 1:18:26]} 9. Nxh4 {[%clk 1:18:15]} Bxh4 {[%clk
1:18:46]} 10. Qf3 {[%clk 1:13:05]} c6 {[%clk 1:17:36]} 11. g3 {[%clk 1:11:43]}
Be7 {[%clk 1:17:56]} 12. O-O-O {[%clk 1:11:10]} Qc7 {[%clk 1:09:15]} 13. Qh5
{[%clk 1:05:56]} f5 {[%clk 1:00:17]} 14. Bd3 {[%clk 1:04:53]} g6 {[%clk 0:54:13]}
15. Qe2 {[%clk 0:59:58]} Bf6 {[%clk 0:51:24]} 16. Bf4 {[%clk 0:50:21]} Qe7 {[%clk
0:47:28]} 17. Bc4 {[%clk 0:46:55]} b5 {[%clk 0:40:25]} 18. Ba2 {[%clk 0:46:45]}
Na6 {[%clk 0:38:37]} 19. g4 {[%clk 0:38:23]} Kh8 {[%clk 0:35:01]} 20. gxf5 {[%clk
0:32:45]} exf5 {[%clk 0:35:16]} 21. Qxe7 {[%clk 0:31:19]} Bxe7 {[%clk 0:35:37]}
22. d5 {[%clk 0:31:12]} b4 {[%clk 0:34:56]} 23. d6 {[%clk 0:26:24]} Bf6 {[%clk
0:32:30]} 24. Ne2 {[%clk 0:25:00]} Bd7 {[%clk 0:32:02]} 25. axb4 {[%clk 0:23:41]}
Nxb4 {[%clk 0:32:17]} 26. Bb3 {[%clk 0:24:03]} a5 {[%clk 0:32:25]} 27. Ba4 {[%clk
0:22:53]} Rab8 {[%clk 0:31:07]} 28. c3 {[%clk 0:16:55]} Nd5 {[%clk 0:27:03]} 29.
Rxd5 {[%clk 0:15:39]} cxd5 {[%clk 0:24:16]} 30. Bxd7 {[%clk 0:16:04]} Rb6 {[%clk
0:16:19]} 31. Ba4 {[%clk 0:10:43]} Rc8 {[%clk 0:15:43]} 32. Rd1 {[%clk 0:08:03]}
Rc4 {[%clk 0:13:14]} 33. Bc2 {[%clk 0:06:45]} Rb5 {[%clk 0:09:06]} 34. Bd3 {[%clk
0:06:32]} Rxf4 {[%clk 0:04:01]} 35. Nxf4 {[%clk 0:06:54]} Rc5 {[%clk 0:03:14]}
36. Re1 {[%clk 0:05:36]} d4 {[%clk 0:03:11]} 37. Re8+ {[%clk 0:05:48]} Kg7 {[%clk
0:03:29]} 38. Ne6+ {[%clk 0:05:39]} Kf7 {[%clk 0:03:26]} 39. d7 {[%clk 0:05:57]}
dxc3 {[%clk 0:03:22]} 40. Nxc5 {[%clk 0:36:17]} cxb2+ {[%clk 0:33:17]} 41. Kb1
{[%clk 0:36:40]} Be7 {[%clk 0:31:31]} 42. d8Q {[%clk 0:36:56]} Bxd8 {[%clk
0:31:39]} 43. Rxd8 {[%clk 0:37:13]} Ke7 {[%clk 0:31:43]} 44. Rd7+ {[%clk
0:37:11]} 1-0

[Event "Women's Baku Chess Olympiad"]
[Site "chess24.com"]
[Date "2016.09.05"]
[Round "4"]
[White "Ibtihal Mohammed"]
[Black "Frijde, Reyna"]
[Result "0-1"]
[Board "3"]
[WhiteID "12201529"]
[WhiteElo "1479"]
[WhiteCountry "SUD"]
[WhiteFideId "12201529"]
[WhiteEloChange "-7"]
[BlackID "8200335"]
[BlackElo "1605"]
[BlackTitle "WCM"]
[BlackCountry "SUR"]
[BlackFideId "8200335"]
[BlackEloChange "7"]

1. d4 {[%clk 1:30:53]} d5 {[%clk 1:30:55]} 2. Nf3 {[%clk 1:31:17]} e6 {[%clk
1:31:17]} 3. Bf4 {[%clk 1:31:37]} c5 {[%clk 1:31:16]} 4. c3 {[%clk 1:30:16]} Nc6
{[%clk 1:30:49]} 5. e3 {[%clk 1:30:15]} Nf6 {[%clk 1:30:28]} 6. h3 {[%clk
1:30:26]} Be7 {[%clk 1:28:41]} 7. Bd3 {[%clk 1:30:34]} a6 {[%clk 1:25:34]} 8.
Nbd2 {[%clk 1:25:40]} O-O {[%clk 1:21:20]} 9. O-O {[%clk 1:24:35]} b5 {[%clk
1:21:06]} 10. b3 {[%clk 1:20:48]} c4 {[%clk 1:18:47]} 11. Bc2 {[%clk 1:19:27]}
Bd6 {[%clk 1:08:54]} 12. Bxd6 {[%clk 1:16:25]} Qxd6 {[%clk 1:09:16]} 13. b4
{[%clk 1:15:29]} Qe7 {[%clk 1:01:20]} 14. e4 {[%clk 1:14:00]} dxe4 {[%clk
1:01:20]} 15. Nxe4 {[%clk 1:14:05]} Nd5 {[%clk 0:57:35]} 16. Qd2 {[%clk 1:12:30]}
Bb7 {[%clk 0:54:40]} 17. Rfe1 {[%clk 1:04:12]} Rfd8 {[%clk 0:51:48]} 18. Nc5
{[%clk 1:00:25]} Qc7 {[%clk 0:48:29]} 19. Rxe6 {[%clk 0:58:22]} fxe6 {[%clk
0:47:26]} 20. Nxe6 {[%clk 0:58:43]} Qd6 {[%clk 0:43:45]} 21. Nxd8 {[%clk
0:55:51]} Rxd8 {[%clk 0:41:35]} 22. Re1 {[%clk 0:53:19]} Qd7 {[%clk 0:35:01]} 23.
Ng5 {[%clk 0:51:43]} Nf6 {[%clk 0:33:12]} 24. Qf4 {[%clk 0:47:12]} Re8 {[%clk
0:29:01]} 25. Rxe8+ {[%clk 0:38:18]} Qxe8 {[%clk 0:29:19]} 26. Kf1 {[%clk
0:35:25]} Nd8 {[%clk 0:24:06]} 27. Qc7 {[%clk 0:30:05]} h6 {[%clk 0:17:50]} 28.
Nf7 {[%clk 0:27:06]} Qxf7 {[%clk 0:16:27]} 29. Qxd8+ {[%clk 0:27:07]} Qf8 {[%clk
0:16:41]} 30. Qb6 {[%clk 0:23:33]} Qc8 {[%clk 0:15:57]} 31. f3 {[%clk 0:17:49]}
Nd5 {[%clk 0:15:09]} 32. Qg6 {[%clk 0:17:16]} Ne3+ {[%clk 0:13:17]} 33. Kf2
{[%clk 0:17:24]} Nxc2 {[%clk 0:13:33]} 34. Qxc2 {[%clk 0:17:51]} Qe6 {[%clk
0:13:45]} 35. Qe2 {[%clk 0:16:47]} Qf7 {[%clk 0:12:58]} 36. Qe5 {[%clk 0:16:25]}
g5 {[%clk 0:12:27]} 37. Qe3 {[%clk 0:14:25]} Kg7 {[%clk 0:12:09]} 38. g4 {[%clk
0:14:18]} Qc7 {[%clk 0:09:47]} 39. Qe5+ {[%clk 0:14:23]} Qxe5 {[%clk 0:10:12]}
40. dxe5 {[%clk 0:44:41]} Kf7 {[%clk 0:40:29]} 41. Ke3 {[%clk 0:45:01]} Ke6
{[%clk 0:40:30]} 42. f4 {[%clk 0:43:16]} Bg2 {[%clk 0:37:48]} 43. Kd4 {[%clk
0:38:08]} gxf4 {[%clk 0:37:35]} 44. h4 {[%clk 0:38:18]} f3 {[%clk 0:35:50]} 45.
g5 {[%clk 0:38:47]} hxg5 {[%clk 0:35:01]} 46. hxg5 {[%clk 0:39:15]} f2 {[%clk
0:35:20]} 47. g6 {[%clk 0:39:15]} f1Q {[%clk 0:35:44]} 48. g7 {[%clk 0:39:21]}
Qf7 {[%clk 0:36:02]} 0-1

[Event "Women's Baku Chess Olympiad"]
[Site "chess24.com"]
[Date "2016.09.05"]
[Round "4"]
[White "Angolikin, Goretti"]
[Black "McDowell, Sharon"]
[Result "1-0"]
[Board "2"]
[WhiteID "10000429"]
[WhiteElo "1613"]
[WhiteTitle "WFM"]
[WhiteCountry "UGA"]
[WhiteFideId "10000429"]
[WhiteEloChange "12"]
[BlackID "8401489"]
[BlackElo "1685"]
[BlackCountry "HON"]
[BlackFideId "8401489"]
[BlackEloChange "-12"]

1. e4 {[%clk 1:30:57]} c5 {[%clk 1:30:54]} 2. c3 {[%clk 1:31:14]} d6 {[%clk
1:31:09]} 3. d4 {[%clk 1:31:27]} Nf6 {[%clk 1:30:43]} 4. Bd3 {[%clk 1:30:49]}
cxd4 {[%clk 1:25:01]} 5. cxd4 {[%clk 1:30:44]} e6 {[%clk 1:25:24]} 6. Ne2 {[%clk
1:24:53]} Be7 {[%clk 1:24:00]} 7. O-O {[%clk 1:25:08]} O-O {[%clk 1:24:24]} 8. f4
{[%clk 1:25:23]} b6 {[%clk 1:18:13]} 9. e5 {[%clk 1:20:41]} Nd5 {[%clk 1:18:34]}
10. Nbc3 {[%clk 1:19:30]} Bb7 {[%clk 1:18:59]} 11. Nxd5 {[%clk 1:08:56]} Bxd5
{[%clk 1:13:15]} 12. Nc3 {[%clk 1:03:56]} dxe5 {[%clk 1:08:34]} 13. fxe5 {[%clk
0:59:31]} g6 {[%clk 1:05:49]} 14. Bh6 {[%clk 0:56:29]} Re8 {[%clk 1:05:54]} 15.
Nxd5 {[%clk 0:56:11]} Qxd5 {[%clk 1:05:48]} 16. Qf3 {[%clk 0:45:48]} Qxf3 {[%clk
1:05:15]} 17. Rxf3 {[%clk 0:46:13]} Nd7 {[%clk 1:02:48]} 18. Bb5 {[%clk 0:43:37]}
Rad8 {[%clk 1:02:53]} 19. Raf1 {[%clk 0:43:08]} Bf8 {[%clk 0:22:00]} 20. Rxf7
{[%clk 0:34:16]} Re7 {[%clk 0:16:04]} 21. Rxe7 {[%clk 0:29:42]} Bxe7 {[%clk
0:16:09]} 22. Bc4 {[%clk 0:28:23]} Nf8 {[%clk 0:12:37]} 23. Bxf8 {[%clk 0:28:08]}
Bxf8 {[%clk 0:13:01]} 24. Bxe6+ {[%clk 0:28:14]} Kh8 {[%clk 0:12:59]} 25. d5
{[%clk 0:21:09]} Bh6 {[%clk 0:11:38]} 26. Bf7 {[%clk 0:20:13]} Be3+ {[%clk
0:11:18]} 27. Kh1 {[%clk 0:20:35]} Bd4 {[%clk 0:11:39]} 28. e6 {[%clk 0:20:40]}
Bc5 {[%clk 0:08:47]} 29. Rd1 {[%clk 0:13:18]} Be7 {[%clk 0:08:46]} 30. g4 {[%clk
0:10:41]} Kg7 {[%clk 0:09:00]} 31. Kg2 {[%clk 0:09:15]} Kf6 {[%clk 0:09:22]} 32.
Kf3 {[%clk 0:06:56]} Ke5 {[%clk 0:09:33]} 33. Rc1 {[%clk 0:03:14]} Rxd5 {[%clk
0:00:53]} 34. Rc7 {[%clk 0:03:19]} Kf6 {[%clk 0:01:12]} 35. Rxa7 {[%clk 0:03:09]}
Rd2 {[%clk 0:00:44]} 36. g5+ {[%clk 0:03:11]} Kxg5 {[%clk 0:00:44]} 37. Rxe7
{[%clk 0:03:27]} Rxb2 {[%clk 0:00:33]} 38. Ra7 {[%clk 0:03:31]} Rxh2 {[%clk
0:00:39]} 39. e7 {[%clk 0:03:26]} Rh3+ {[%clk 0:01:04]} 40. Kg2 {[%clk 0:32:49]}
Re3 {[%clk 0:30:33]} 41. e8Q {[%clk 0:32:43]} Rxe8 {[%clk 0:30:47]} 42. Bxe8
{[%clk 0:33:06]} 1-0